| Tag |
First Indicator |
Second Indicator |
Subfields |
| LEADER |
00000nam a2200000Ia 4500 |
| 001 |
in00004314921 |
| 005 |
20200812085208.0 |
| 006 |
m g d |
| 007 |
cr bn |||a|bb| |
| 008 |
970407s1671 enk o 00| | eng d |
| 035 |
|
|
|a (UnM)99897186
|
| 037 |
|
|
|a CL0037000103
|b ProQuest Information and Learning. 300 N. Zeeb Rd., Ann Arbor, MI 48106
|
| 040 |
|
|
|a Cu-RivES
|c Cu-RivES
|e dcrb
|d WaOLN
|
| 100 |
1 |
|
|a Cocker, Edward,
|d 1631-1675.
|
| 245 |
1 |
0 |
|a England's pen-man: or, Cocker's new copy-book :
|b Containing all the curious hands practised in England, and our neighbouring nations: with admirable directions peculiar to each hand. As also, the breaks of secretary, Roman and Italian letters: with the exemplifying court-hand: and an exact copy of the Greek alphabet. Never the like publish'd, as the impartial judicious may determine. Together with instructions for copies alphabetically digested, and fitted for the use of all scholars and others, &c. Written, and engraven by Edward Cocker.
|
| 260 |
|
|
|a London :
|b printed for Nathaniel Brooke at the Angel in Cornhil near the Royal Exchange,
|c 1671.
|
| 300 |
|
|
|a 1 online resource ([4], 16 pages, plates :
|b illustrations.
|
| 336 |
|
|
|a text
|b txt
|2 rdacontent
|
| 337 |
|
|
|a computer
|b c
|2 rdamedia
|
| 338 |
|
|
|a online resource
|b cr
|2 rdacarrier
|
| 500 |
|
|
|a Reproduction of original in the Folger Shakespeare Library.
|
| 510 |
4 |
|
|a Wing (CD-ROM, 1996)
|c C4835B
|
| 533 |
|
|
|a Electronic reproduction.
|b Ann Arbor, Mich. :
|c UMI,
|d 1999-
|f (Early English books online)
|n Digital version of: (Early English books, 1641-1700 ; 2475:12)
|7 s1999 miun s
|
| 650 |
|
0 |
|a Copybooks
|v Early works to 1800.
|
| 830 |
|
0 |
|a Early English books online.
|
| 856 |
4 |
0 |
|u http://proxy.library.tamu.edu/login?url=https://search.proquest.com/docview/2240937895
|z Connect to the full text of this electronic book
|t 0
|
| 999 |
f |
f |
|s 014d0697-53f1-333d-83da-833f23cfd0c5
|i 2f229c02-989c-3c22-a096-9392d81ce87a
|t 0
|
| 952 |
f |
f |
|a Texas A&M University
|b College Station
|c Electronic Resources
|d Available Online
|t 0
|h No information provided
|
| 998 |
f |
f |
|t 0
|l Available Online
|